00395nam a2200157Ia 4500008004100000020001500041041001200056082001100068100001400079245007500093250000800168260002500176300000800201650000700209700002100216221030s9999 xx 000 0 und d a0070140626 aEnglish a105.23 aA. K. Ray 0aAdvanced Microporcessors & Peripheralscby A. K. Ray, K. M. Bhurchandi a2nd bTMHaNew Delhic2010 a715 aIT aK. M. Bhurchandi